Václav Pankovčín... [inc.]

Bibliographic Details
Main Authors: Pankovčín, Václav, 1968-1999 (Author), Kertész-Bagala, Koloman, 1964- (Author)
Format: Article
Language:Slovak
ISSN:1210-1982
Subjects:

MARC

LEADER 00000nab a2200000 a 4500
001 vtls000580620
003 SK-MaSNL
005 20260303233505.0
008 160203c1996 xo 0 slo
015 |a SNBRB19rr/mm-uuuuu 
035 |a CL0580758 
040 |a SNKBUCL  |b slo  |c SNKBUCL  |e AACR2 
041 0 |a slo 
044 |a xo  |c SK 
080 |a 82:929:885.4  |2 1981 
080 |a 885.4  |2 1981 
100 1 |a Pankovčín, Václav,  |d 1968-1999  |4 aut  |9 13244 
245 1 0 |a Václav Pankovčín... [inc.]  |c Václav Pankovčín, Koloman Kertész Bagala 
500 |a Súčasťou rozhovoru úryvok z kn. Tri ženy pod orechom 
600 1 7 |a Pankovčín, Václav,  |d 1968-1999  |2 snkbucl  |9 13244 
655 7 |a rozhovory  |2 snkbucl  |9 31831 
655 7 |a články z odboru literárna veda a krásna literatúra  |2 snkbucl  |9 770045 
655 7 |a články z novín a časopisov  |2 snkbucl  |9 267496 
700 1 |a Kertész-Bagala, Koloman,  |d 1964-  |4 aut  |9 103757 
773 0 |t Knižná revue  |g Roč. 6, č. 6 (1996), s. 5  |x 1210-1982 
850 |a Slovenská národná knižnica v Martine  |a MTA001 
852 |a SNK  |b KIS3GCP 
958 |a RK 
958 |a LX 
958 |a SK 
992 |a RBX 
999 |c 2515424  |d 2517354